| 000 | 00961nam a22002297a 4500 | ||
|---|---|---|---|
| 999 |
_c20156 _d20156 |
||
| 005 | 20180413110509.0 | ||
| 008 | 180413e2017 ck |||||r|||| 00| 0 spa d | ||
| 020 | _a9789585418196 | ||
| 040 |
_aCO-BoIAVH _cCO-BoIAVH |
||
| 041 | _aspa | ||
| 044 | _ack | ||
| 082 |
_a551.483 _bC27p |
||
| 100 | _aCastro, Luis Guillermo | ||
| 245 | 1 | 0 |
_aPreguntas y respuestas sobre conflictos ambientales: _baprendizajes de río Orotoy |
| 260 |
_aBogotá: _bInstituto de Investigación de Recursos Biológicos Alexander von Humboldt, _bUniversidad de los Llanos, _bCentro Internacional de Investigaciones para el desarrollo, IDRC. _c2017. |
||
| 300 |
_a107 páginas _bilustraciones a color, tablas, fotografías a color _c16.5 x 23cm _eCD-ROM |
||
| 650 | 1 | 4 |
_aConflictos ambientales _zMeta (Colombia) |
| 650 | 1 | 4 |
_aSistemas socio ecológicos _zMeta (Colombia) |
| 650 | 1 | 4 | _aGobernanza |
| 650 | 1 | 4 | _aJusticia ambiental |
| 942 |
_2ddc _cLIBRO |
||